000 00484nam a22001817a 4500
005 20260310155108.0
008 260309b |||||||| |||| 00| 0 eng d
020 _a978-93-93168-79-5
041 _aeng
082 _a633.8 KUM-I
100 _aKUMAR, N.
_95159
245 _aINTRODUCTION TO SPICES, PLANTATION CROPS, MEDICINAL AND AROMATIC PLANTS
250 _a4TH ED. 2024
260 _aNEW DELHI
_bMEDTECH SCIENCE PRESS
300 _a299
650 _aAGRICULTURE
942 _cBK
999 _c9064
_d9062